Vista normal Vista MARC

Entrada Materia (personas)

Número de registros utilizados en: 1

001 - CONTROL NUMBER

  • control field: 53917

003 - CONTROL NUMBER IDENTIFIER

  • control field: Co-BoUCM

005 - DATE AND TIME OF LATEST TRANSACTION

  • control field: 20140122191126.0

008 - FIXED-LENGTH DATA ELEMENTS

  • fixed length control field: 140122|| aca||aabn | a|a d

040 ## - CATALOGING SOURCE

  • Original cataloging agency: Co-BoUCM
  • Transcribing agency: Co-BoUCM

100 ## - HEADING--PERSONAL NAME

  • Personal name: Becerra, Martín
  • Dates associated with a name: 1968-

670 ## - SOURCE DATA FOUND

  • Source citation: Work cat.: (Co-BoUCM)183583: Becerra, Martín 1968-, Wiki media leaks, 2012